ពលឯក : (Record no. 9291)
[ view plain ]
| 000 -LEADER | |
|---|---|
| fixed length control field | 03946nam a22003137a 4500 |
| 001 - CONTROL NUMBER | |
| control field | 9291 |
| 003 - CONTROL NUMBER IDENTIFIER | |
| control field | FISKH |
| 005 - DATE AND TIME OF LATEST TRANSACTION | |
| control field | 20251209104605.0 |
| 008 - FIXED-LENGTH DATA ELEMENTS--GENERAL INFORMATION | |
| fixed length control field | 251209b cb ||||| |||| 00| 0 eng d |
| 020 ## - INTERNATIONAL STANDARD BOOK NUMBER | |
| International Standard Book Number | 9789996301773 |
| 040 ## - CATALOGING SOURCE | |
| Original cataloging agency | FISKH |
| Language of cataloging | khr |
| Transcribing agency | FISKH |
| Modifying agency | FISKH |
| 050 ## - LIBRARY OF CONGRESS CALL NUMBER | |
| Classification number | PZ7 |
| 082 ## - DEWEY DECIMAL CLASSIFICATION NUMBER | |
| Classification number | 398.2 |
| 100 ## - MAIN ENTRY--PERSONAL NAME | |
| Personal name | Sopy , Vichay |
| 245 ## - TITLE STATEMENT | |
| Title | ពលឯក : |
| Remainder of title | Pol Ek / |
| Statement of responsibility, etc. | និពន្ធដោយ លោក វិឆ័យ សុភី , ត្រួតពិនិត្យអក្ខរាវិរុទ្ធ អ្នកស្រី គឹមស៊ុន សុធារី , លោក ធី ចាន់ថន , អ្នកនាង វ៉ាត ចរិយា និង កញ្ញា វុិច វឌ្ឍនា |
| 260 ## - PUBLICATION, DISTRIBUTION, ETC. | |
| Place of publication, distribution, etc. | ភ្នំពេញ : |
| Name of publisher, distributor, etc. | Reading Books , |
| Date of publication, distribution, etc. | 2012 . |
| 300 ## - PHYSICAL DESCRIPTION | |
| Extent | 24 pages : |
| Other physical details | color illustrations ; |
| Dimensions | 25 cm. |
| 490 ## - SERIES STATEMENT | |
| Series statement | ពិភពរឿងនិទាន |
| 505 ## - FORMATTED CONTENTS NOTE | |
| Formatted contents note | N <br/> |
| 520 ## - SUMMARY, ETC. | |
| Summary, etc. | មានប្តីប្រពន្ធរពីរនាក់មានកូន២ នាក់ឈ្មោះពលឯក និងអនុជា ។ ថ្ងៃមួយឪពុកម្តាយក៏បានស្តីបន្ទោសពលឯក ហើយគេក៏បានចាកចេញពីផ្ទះហើយអនុជាក៏មកតាមបងប្រុសទោះឪពុកម្តាយឃាត់យ៉ាងណាក៏មិនស្តាប់ ។ នៅតាមផ្លូវពួកគេក៏បានជួបនឹងយក្ស យក្សចាញ់កលពួកគេក៏នាំពួកគេទៅនគរហើយក៏ផ្តល់វត្ថុទិព្វ៤ដល់អ្នកទាំង២ហើយសន្យាលើកកូនស្រីអោយរៀបការជាមួយពលឯក ។ ក្រោយមកពលឯកក៏បានចាកចេញពីនគរយក្សដោយយកវត្ថុទិព្វ២មកជាមួយ ។ អនុជាមានវត្ថុទិព្វ២នៅជាប់ខ្លួន ។ ចំណេរក្រោយមកពួកគេក៏មានមហេសីនិងឡើងសោយរាជ្យរៀងខ្លួន ហើយក៏លើកទ័ពមកច្បាំងគ្នា ។ ក្រោយបានដឹងការពិតពួកគេក៏ចងសម្ពន្ធ័មិត្តនឹងគ្នាហើយបានទៅទទួលយកបុត្រីយក្សមកធ្វើជាមហេសីម្នាក់ទៀត ។ ហើយក៏បានស្វែងរកឪពុកម្តាយពួកគេមកនៅជាមួយផងដែរ ។ |
| 520 ## - SUMMARY, ETC. | |
| Summary, etc. | There was a husband and wife who had two children named Pol Ek and Anouchea. One day, the parents scolded Pol Ek, and he left home; Anouchea followed his brother even though their parents tried to stop him.<br/>Along the way, they encountered a giant. The giant, unable to defeat their cleverness, took them to his kingdom and gave the two brothers four magical objects, promising to give his daughter in marriage to Pol Ek . <br/><br/>Later, Pol Ek left the kingdom of the giant, taking two of the magical objects with him. Anouchea kept the other two magical objects. Eventually, they each became kings with their own queens, and they raised armies to wage war against each other.<br/>After learning the truth, they reconciled and formed a bond of friendship. They then went to receive the giant’s daughter to make her another queen. They also searched for their parents and brought them to live with them. |
| 521 8# - TARGET AUDIENCE NOTE | |
| Target audience note | 550 <br/> |
| Source | Lexile estimate <br/> |
| 521 8# - TARGET AUDIENCE NOTE | |
| Target audience note | N <br/> |
| Source | Raz-Plus <br/> |
| 650 ## - SUBJECT ADDED ENTRY--TOPICAL TERM | |
| Topical term or geographic name entry element | ពលឯក |
| Form subdivision | រឿងនិទានកុមារ |
| 650 ## - SUBJECT ADDED ENTRY--TOPICAL TERM | |
| Topical term or geographic name entry element | Pol Ek |
| Form subdivision | Children's Stories |
| 700 ## - ADDED ENTRY--PERSONAL NAME | |
| Personal name | San , Thai |
| Relator term | Illustrator |
| 942 ## - ADDED ENTRY ELEMENTS (KOHA) | |
| Source of classification or shelving scheme | Dewey Decimal Classification |
| Koha item type | Khmer Books |
| Suppress in OPAC | No |
| Withdrawn status | Lost status | Source of classification or shelving scheme | Damaged status | Not for loan | Collection | Home library | Current library | Shelving location | Date acquired | Total Checkouts | Full call number | Barcode | Date last seen | Price effective from | Koha item type |
|---|---|---|---|---|---|---|---|---|---|---|---|---|---|---|---|
| Dewey Decimal Classification | Khmer-English Bilingual / ភាសាខ្មែរ-អង់គ្លេស | Footprints International School Library Network Toul Tom Poung Campus | Footprints International School Library Network Toul Tom Poung Campus | TTP Primary Khmer Bookshelves | 12/09/2025 | SOP PZ7 398.2 | 2025-5092 | 12/09/2025 | 12/09/2025 | Khmer Books |
